000 00535nam a22001697a 4500
010 _aENG-120316
020 _a9788126919093
_c795.00
035 _aEN-103848
037 _bDBAD/PUB
082 _a351.54
100 _a.Meenakshi Sundaram,V.R
245 _aLet's transform India :
_cby V.R.Meenakshi Sundaram
_bfirst things first /
260 _aNew Delhi
_bAtlantic publishers
_c2014
270 _a7/22,Ansari road,Daryaganj
_bNew Delhi
_e110002
300 _axiv,322p.
_c23cm(Hb)
942 _2ddc
_cEN
_h351.54
_mMEE
999 _c144082
_d144082